Los secretos de visual basic 5 /
Guardado en:
| Autor Principal: | |
|---|---|
| Formato: | Libro |
| Publicado: |
Madrid :
Anaya Multimedia,
1997
|
| Series: | Top secret
|
| Materias: | |
| Etiquetas: |
Agregar Etiqueta
Sin Etiquetas, Sea el primero en etiquetar este registro!
|
| LEADER | 02051nam a22002175a 4500 | ||
|---|---|---|---|
| 001 | CEM.cems013295 | ||
| 005 | 20100316091158.0 | ||
| 008 | 130507s1997##################000#0#####d | ||
| 003 | CEMS | ||
| 020 | |a 8441502315 | ||
| 082 | 0 | 4 | |a 001.642 |
| 100 | 1 | |a Davis, Harold | |
| 245 | 1 | 0 | |a Los secretos de visual basic 5 / |c Harold Davis |
| 260 | |a Madrid : |b Anaya Multimedia, |c 1997 | ||
| 300 | |a 884 p. | ||
| 490 | 0 | |a Top secret | |
| 505 | 0 | |a Visual Basic: una panorámica -- Explorar el IDE de Visual Basic -- Programación orientada a eventos -- El lenguaje de Visual Basic -- Qué hay de nuevo en Visual Basic 5 -- Programador Windows de 32 bits -- Una panorámica de Windows 95 -- Los secretos de los cuadros de diálogo comunes de Windows 95 -- Controles de la interfaz de usurio de Windows -- Los secretos del Registro de Windows 95 -- Programar el Registro en VB -- La API Win32 y el Sistema de mensajes de Windows -- Los secretos de la codificación -- Los secretos de la buena práctica de la programación -- Visual Basic y la programación orientada a objetos (POO) -- Manejo de los errores -- Los secretos de la optimización -- Mostrar los secretos -- Secretos para el diseño de interfaces -- Gestión de aplicaciones MDI y menús -- Los secretos de la presentación -- Utilización de ActiveX -- Descripción de ActiveX y OLE -- Creación de aplicaciones con soporte OLE -- Cómo controlar objetos de otras aplicaciones -- Crear aplicaciones ActiveX -- Crear controles ActiveX -- Descripción de los controles ActiveX -- Crear el interfaz de control -- Desplegar controles ActiveX de VB en la Web -- Ampliar el entorno a VB -- Crear aplicaciones de Internet en VB -- Crear un complemento de Visual Basic -- Construir un asistente -- Herramientas de otros fabricantes, Archivos de ayuda y Programas de instalación -- Herramientas de otros fabricantes -- Archivos de ayuda -- Programas de instalación | |
| 653 | |a Informática | ||
| 653 | |a Computación | ||
| 653 | |a Visual basic 5 | ||
| 859 | |a CEMS |b BIB. CEMS - 11 de abril |h 001.642 |i D294 |p 25782.10 |t Ej.1 | ||
